Health effects of transport-related air pollution
Saved in:
| Main Author: | |
|---|---|
| Format: | Unknown |
| Published: |
Denmark
World Health Organization
2005
|
| Subjects: | |
| Online Access: | Visit NHRC Library |
| Tags: |
Add Tag
No Tags, Be the first to tag this record!
|
| LEADER | 00864 a2200205 4500 | ||
|---|---|---|---|
| 003 | 1200 | ||
| 005 | 20220906184535.0 | ||
| 952 | |0 0 |1 0 |2 lcc |4 0 |6 WA 00754/WHO/02005 |7 0 |9 262 |a NHRC |b NHRC |c CART |d 2012-04-08 |l 0 |o WA 754/WHO/2005 |p 1200 |r 2012-04-08 |w 2012-04-08 |y BK | ||
| 999 | |c 260 |d 260 | ||
| 020 | |a 9289013737 | ||
| 060 | |a WA 754 | ||
| 100 | |a Krzyzanowski, Michal |a Kuna-Dibbert, Birgit |a Schneider, Jurgen |9 4169 | ||
| 245 | |a Health effects of transport-related air pollution | ||
| 260 | |a Denmark |b World Health Organization |c 2005 | ||
| 300 | |a 190p. |b xv | ||
| 500 | |a Book | ||
| 546 | |a Eng. | ||
| 650 | |a Air pollution |a Air pollutants |a Vehile emissions adverse effects |a Environmental exposure |a Health policy |a Policy making |a Europe |a Krzyzanowski, Michal |a Kuna-Dibbert, Birgit |a Schneider, Jurgen |9 4170 | ||
| 856 | |u http://nhrc.gov.np/contact/ |y Visit NHRC Library | ||
| 942 | |2 NLM |c BK | ||